Online
Catalog

Administración de los sistemas de información : (Record no. 22496)

MARC details
000 -CABECERA
campo de control de longitud fija 01337nam a2200301 a 4500
001 - NÚMERO DE CONTROL
campo de control 000022999
005 - FECHA Y HORA DE LA ÚLTIMA TRANSACCIÓN
campo de control 20200930021925.0
008 - DATOS DE LONGITUD FIJA--INFORMACIÓN GENERAL
campo de control de longitud fija 101124s1996 mx a 001 0 spa d
020 ## - NÚMERO INTERNACIONAL ESTÁNDAR DEL LIBRO
Número Internacional Estándar del Libro 9688806935
040 ## - FUENTE DE LA CATALOGACIÓN
Centro catalogador/agencia de origen DO-SdBNP
Lengua de catalogación spa
Centro/agencia transcriptor BNPHU
082 ## - NÚMERO DE LA CLASIFICACIÓN DECIMAL DEWEY
Número de clasificación 658.4038
Número de documento/Ítem L372a, 1996
049 ## - FONDOS LOCALES (OCLC)
Fondos de biblioteca BNGR
100 1# - ENTRADA PRINCIPAL--NOMBRE DE PERSONA
Nombre de persona Laudon, Kenneth C.,
Fechas asociadas al nombre 1944-
9 (RLIN) 47312
240 10 - TÍTULO UNIFORME
Título uniforme Management information systems organization and Technology.
Lenguaje de la obra Español
245 10 - MENCIÓN DE TÍTULO
Título Administración de los sistemas de información :
Resto del título organización y tecnología /
Mención de responsabilidad, etc. Kenneth C. Laudon, Jane Prince Laudon ; traducción de Jorge Rodríguez Rodríguez ; revisión técnica de Jorge Rivera Albarrán.
250 ## - MENCIÓN DE EDICIÓN
Mención de edición 3a ed.
260 ## - PUBLICACIÓN, DISTRIBUCIÓN, ETC.
Lugar de publicación, distribución, etc. México :
Nombre del editor, distribuidor, etc. Prentice Hall Hispanoamericana,
Fecha de publicación, distribución, etc. 1996.
300 ## - DESCRIPCIÓN FÍSICA
Extensión xxxviii, 885 p. :
Otras características físicas il. ;
Dimensiones 27 cm.
534 ## - NOTA SOBRE LA VERSIÓN ORIGINAL
Frase introductoria Título del inglés de la obra:
Mención de título del original Management information systems organization and Technology.
500 ## - NOTA GENERAL
Nota general Incluye glosario
504 ## - NOTA DE BIBLIOGRAFÍA, ETC.
Nota de bibliografía, etc. Incluye bibliografías e índice temático.
650 #4 - PUNTO DE ACCESO ADICIONAL DE MATERIA--TÉRMINO DE MATERIA
Término de materia o nombre geográfico como elemento de entrada Administración de sistemas de información
9 (RLIN) 47313
650 #4 - PUNTO DE ACCESO ADICIONAL DE MATERIA--TÉRMINO DE MATERIA
Término de materia o nombre geográfico como elemento de entrada Sistemas de almacenamiento y recuperación de información
Subdivisión general Investigaciones
-- Manuales
9 (RLIN) 47314
700 1# - PUNTO DE ACCESO ADICIONAL--NOMBRE DE PERSONA
Nombre de persona Laudon, Jane Prince
9 (RLIN) 47315
700 1# - PUNTO DE ACCESO ADICIONAL--NOMBRE DE PERSONA
Nombre de persona Rodríguez Rodríguez, Jorge,
Término indicativo de función/relación tr.
9 (RLIN) 47316
700 1# - PUNTO DE ACCESO ADICIONAL--NOMBRE DE PERSONA
Nombre de persona Rivera Albarrán, Jorge,
Término indicativo de función/relación rev.
9 (RLIN) 47317
910 ## - DATOS DE OPCIÓN DEL USUARIO (OCLC)
Datos de opción del usuario WM
Holdings
Estado de retiro Estado de pérdida Restricciones de uso No para préstamo Código de colección Localización permanente Ubicación/localización actual Ubicación en estantería Fecha de adquisición Número de inventario Total de préstamos Signatura topográfica completa Código de barras Fecha visto por última vez Precio válido a partir de Tipo de ítem Koha
        Monografías: Libros y Folletos General General Depósito 24.11.2010 LF1   658.4038 L372a, 1996 22999-10 25.06.2020 25.06.2020 Préstamo en sala

Powered by Koha